书目信息 |
| 题名: |
德里达
|
|
| 作者: | 豪威尔斯 著 ;张颖 , 王天成 译 | |
| 分册: | ||
| 出版信息: | 哈尔滨 黑龙江人民出版社 2002 |
|
| 页数: | 229页 | |
| 开本: | 20cm | |
| 丛书名: | 当代世界前沿思想家丛书 | |
| 单 册: | ||
| 中图分类: | B565.59 | |
| 科图分类: | ||
| 主题词: | ||
| 电子资源: | ||
| ISBN: | 7-207-05222-7 | |
| 000 | 00864nam0 2200265 45 | |
| 001 | 0312161466 | |
| 005 | 20031219104123.1 | |
| 010 | @a7-207-05222-7@dCNY15.00 | |
| 100 | @a20031216d2002 km y0chiy0120 ea | |
| 101 | 0 | @achi@ceng |
| 105 | @ac z 000yy | |
| 200 | 1 | @a德里达@ADe Li Da@f(英)克里斯蒂娜·豪威尔斯著@F(Ying)Ke Li Si Di Na·Hao Wei Er Si Zhu@g张颖,王天成译 |
| 210 | @a哈尔滨@c黑龙江人民出版社@d2002 | |
| 215 | @a229页@c照片@d20cm | |
| 225 | @a当代世界前沿思想家丛书@f姚大志主编 | |
| 410 | @12001 @a当代世界前沿思想家丛书 | |
| 410 | @1700 0@a姚大志@AYao Da Zhi@4主编 | |
| 600 | 0 | @a德里达@bJ.@x生平事迹 |
| 600 | 0 | @a德里达@bJ.@x哲学思想@x研究 |
| 690 | @aB565.59@v4 | |
| 701 | 0 | @a豪威尔斯@4著 |
| 702 | 0 | @a张颖@AZhang Ying@4译 |
| 702 | 0 | @a王天成@AWang Tian Cheng@4译 |
| 801 | @aCN@bTSTC@c20031216 | |
| 905 | @f3@b330255-257@dB565.59@e32 | |
| 德里达/(英)克里斯蒂娜·豪威尔斯著/张颖,王天成译.-哈尔滨:黑龙江人民出版社,2002 |
| 229页:照片;20cm.-(当代世界前沿思想家丛书/姚大志主编) |
| ISBN 7-207-05222-7:CNY15.00 |
| ● |
| 相关链接 |
|
|
|
|
正题名:德里达
索取号:B565.59/32
 
预约/预借
| 序号 | 登录号 | 条形码 | 馆藏地/架位号 | 状态 | 备注 |
| 1 | 0330255 | 203302559 | 第一借阅区/ [索取号:B565.59/32] | 在馆 | |
| 2 | 0330256 | 203302568 | 第一借阅区/ [索取号:B565.59/32] | 在馆 | |
| 3 | 0330257 | 203302577 | 第一样本阅览室/ [索取号:B565.59/32] | 在馆 |